[Event "32nd Reykjavik Open 2017"]
[Site "Reykjavik"]
[Date "2017.04.21"]
[Round "4"]
[White "Giri, Anish"]
[Black "Van Foreest, Jorden"]
[Result "1-0"]
[WhiteElo "2771"]
[BlackElo "2584"]
[Annotator "TA"]
[PlyCount "159"]
[EventDate "2017.??.??"]
[EventType "swiss"]
[EventCountry "ISL"]
[SourceTitle "playchess.com"]
[Source "ChessBase"]
[SourceQuality "1"]

{[%evp 19,159,38,45,29,40,31,38,35,62,42,47,48,88,80,85,88,120,33,29,37,139,108,116,114,122,118,108,118,121,120,141,116,136,131,113,120,116,106,114,84,70,87,111,8,8,9,72,10,16,0,71,50,57,59,168,161,161,157,154,31,164,164,155,167,181,187,271,271,248,71,267,0,174,0,260,260,308,287,301,270,387,390,351,347,448,418,1368,351,1328,1140,1402,1340,29969,29970,29969,29970,29971,29964,29974,29975,29976,29977,29977,29978,29982,29983,29983,29984,29984,29984,29985,29984,29986,29983,29992,29983,29983,29981,29981,29982,29983,29983,29983,29984,29984,29985,29985,29984,29985,29983,29983,29979,29972,11089,29983,29984,29987,29988,29994,29983,29994,29995]} 1. d4 d5 2. c4 c6 3. Nf3 Nf6 4. e3 g6 5. Nc3 Bg7 6. Be2 O-O 7. O-O e6 8. b3 Re8 {D94: Grünfeld: 4 Nf3 Bg7 5 e3} 9. Bb2 Nbd7 10. Qc2 (10. Rc1 b6 11. Ne5 Bb7 12. cxd5 exd5 13. f4 a6 14. Bf3 c5 15. dxc5 Nxc5 16. Qe2 Nfe4 17. Rfd1 Bxe5 18. fxe5 {1-0 (30) Nakamura,H (2791)-Vachier Lagrave,M (2819) chess.com INT 2016}) 10... b6 {LiveBook: 4 Games. White is slightly better.} 11. Rad1 Bb7 12. Ne5 $146 (12. Bd3 Qe7 13. Qe2 c5 14. Nb5 Rec8 15. Rfe1 a6 16. Nc3 Ne4 17. Na4 {½-½ (17) Burdik,L (2215)-Tropp,L (2018) Tatranske Zruby 2010}) 12... Qc7 13. f4 Rad8 14. Bf3 c5 15. g4 cxd4 16. exd4 a6 (16... dxc4 $2 17. Nb5 (17. bxc4 Bxf3 18. Rxf3 Nxe5 19. fxe5 Nxg4 $15) 17... Qb8 18. Bxb7 (18. bxc4 Bxf3 19. Rxf3 a6 $15) 18... Qxb7 19. Nxf7 $1 $18 {[%mdl 512]} (19. bxc4 Nxe5 20. dxe5 Ne4 $11) (19. Nd6 Qc7 $16)) 17. Qg2 Nf8 {[%cal Bd7f8,Bf8g6,Bg6h4][%mdl 32]} 18. f5 (18. h4 $16) 18... exf5 $14 19. gxf5 (19. cxd5 fxg4 20. Nxg4 (20. Bxg4 $2 Nxg4 21. Rxf7 Nd7 22. Rxg7+ Kxg7 $19) 20... Nxg4 21. Qxg4 b5 $17) 19... Qd6 (19... gxf5 $14 20. Bxd5 (20. cxd5 Qd6 $14) (20. Nxd5 Nxd5 21. Bxd5 Bxd5 22. cxd5 Ng6 $14) 20... Bxd5 21. Nxd5 (21. cxd5 Ng6 $11) 21... Nxd5 22. cxd5 Ng6) 20. fxg6 Nxg6 21. Nxd5 Nh4 22. Nxf6+ Qxf6 23. Bxb7 Nxg2 24. Rxf6 Bxf6 25. Ng4 (25. Kxg2 Rxe5 26. Rd2 (26. dxe5 Rxd1 27. Kf3 Rd2 $17) 26... Re7 $15) 25... Bg7 26. Bxg2 Re2 27. Ba1 {aiming for Bd5.} Rxa2 28. Ne3 Rd6 29. Bd5 {Threatens to win with Bc3.} Rg6+ 30. Kh1 {And now Nf5 would win.} Rh6 31. Ng2 (31. Bg2 $16) 31... Rh3 $11 32. Rf1 Kh8 (32... Bf6 $11) 33. Re1 (33. Rc1 $16) 33... Kg8 $1 34. Rf1 ({White should try} 34. c5 $11 bxc5 35. b4) 34... Kh8 $16 35. c5 bxc5 36. b4 $1 $36 {[%mdl 2048] White has good play.} (36. Bxf7 cxd4 37. Bd5 Rd2 $15) 36... Rd2 (36... c4 $14 37. Bxc4 Rc2 38. Bxf7 (38. Bxa6 $2 Ra3 39. Re1 Rxa6 $19) 38... Rf3 39. Rxf3 Rc1+ 40. Ne1 Rxe1+ 41. Kg2 Rxa1) 37. bxc5 Bxd4 38. Bxd4+ (38. Bxf7 Bxa1 39. Rxa1 Rc3 $11) 38... Rxd4 39. Bxf7 ({Only move:} 39. Nf4 $16 Rc3 40. Bxf7) 39... Rc3 ({Black should play} 39... Rhd3 $1 $14) 40. Nf4 $18 {Ne2 is the strong threat.} Rd8 41. Ne6 Rc8 42. Rg1 $1 h6 (42... Rb8 $142 43. Nc7 Rf8) 43. Rg6 {[%cal Rg6h6]} Kh7 44. Rg7+ Kh8 45. Rg6 {[%cal Rg6h6]} Kh7 $1 46. Rg7+ (46. Rf6 $142) 46... Kh8 {[#]} 47. Bg6 $1 Rb8 48. Rh7+ Kg8 {intending ...Rc1+.} 49. Ra7 ({Weaker is} 49. Rxh6 Rb2 50. Bh7+ Kf7 51. Ng5+ Kg7 52. Rg6+ Kf8 53. Rg8+ Ke7 $11) 49... Rc1+ (49... Kh8 $142 50. h4 a5) 50. Kg2 Rc3 {Hoping for ...Rb2+.} 51. Kg1 ({Don't do} 51. Rg7+ Kh8 52. Rf7 a5 $18) 51... Rc1+ {[#]} 52. Kf2 $1 a5 (52... Rc8 $142 53. Rxa6 Rh1) 53. Bh7+ Kh8 54. Nf4 {[%cal Rf4g6]} Rf8 55. Ke3 {[%cal Rf4g6]} Rxf4 56. Kxf4 Rxc5 {[%mdl 4096] Endgame KRB-KR} 57. Bf5 Kg8 58. Ra6 a4 59. Rxa4 Kg7 60. Ra7+ Kg8 61. Ra6 Rc7 62. Rxh6 Kg7 63. Kg5 Rf7 64. Ra6 Rc7 65. h3 Re7 66. Rg6+ Kh8 67. Rh6+ Kg8 68. Rh4 Rg7+ 69. Bg6 Ra7 70. Kh6 Kh8 71. Rd4 {[%cal Rd4d8]} Rh7+ 72. Kg5 Ra7 73. Rd8+ Kg7 74. Bf5 Rf7 75. Be6 Re7 76. Kf5 (76. Bg4 $142 Rf7 77. Bh5 Ra7 78. Bg6 Ra5+ 79. Bf5 Ra6 80. Rd7+ Kh8 81. h4) 76... Ra7 77. Rg8+ {White mates.} Kh7 78. Kf6 Rb7 79. Ra8 Rb6 80. Ra4 1-0

[Event "32nd Reykjavik Open 2017"]
[Site "Reykjavik"]
[Date "2017.04.21"]
[Round "4"]
[White "Jobava, Baadur"]
[Black "Kanmazalp, Ogulcan"]
[Result "1-0"]
[WhiteElo "2712"]
[BlackElo "2448"]
[Annotator "TA"]
[PlyCount "88"]
[EventDate "2017.??.??"]
[EventType "swiss"]
[EventCountry "ISL"]
[SourceTitle "playchess.com"]
[Source "ChessBase"]
[SourceQuality "1"]

{[%evp 13,88,-25,-25,-48,0,-41,-35,-26,-29,-25,-22,-30,-22,-34,-37,-30,-30,-58,-35,-69,-56,-60,-66,-79,-85,-123,-118,-126,-133,-148,-141,-142,-160,-160,-168,-173,-183,-197,-174,-172,-12,-38,-27,-12,0,-23,0,0,0,0,0,0,0,0,0,0,0,-6,202,100,207,118,104,96,127,112,251,251,256,256,303,302,589,557,581,556,1205]} 1. d4 d5 2. c4 e6 3. Nc3 c6 4. cxd5 exd5 5. Nf3 Nf6 6. g3 Bd6 7. Bg2 O-O {LiveBook: 20 Games. D35: Queen's Gambit Declined: Exchange Variation} 8. Bf4 (8. O-O Nbd7 9. Ne1 Re8 10. Nd3 Nf8 11. Bf4 Bf5 12. Bxd6 Qxd6 13. e3 {½-½ (13) Miladinovic,I (2560)-Blagojevic,D (2482) Belgrade 2010}) 8... Re8 $146 (8... Bxf4 9. gxf4 Qb6 10. Qd2 Ne4 11. Nxe4 dxe4 12. Ne5 f5 13. Qc3 Be6 14. Rg1 Nd7 15. Nxd7 Bxd7 {1-0 (37) Sharbaf,M (2312)-Rezaei Abari,F (1964) Arak 2016}) 9. e3 Bxf4 {Black is slightly better.} 10. gxf4 Ne4 11. Nxe4 dxe4 12. Ne5 Bf5 13. O-O Nd7 {[%cal Bb8d7,Bd7b6,Bb6d5][%mdl 32]} 14. Qb3 Re7 15. Rfc1 Nb6 16. Qd1 f6 17. Nc4 Nd5 18. Kh1 Qd7 19. Qb3 Kh8 20. Qa3 Rg8 $1 21. Rg1 (21. Qxa7 $6 g5 22. fxg5 Rxg5 $11) 21... g5 $1 22. fxg5 Rxg5 23. Qd6 ({Of course not} 23. Qxa7 $6 Rg8 24. Nd2 Reg7 $15) 23... Qe8 $1 24. h3 {[%cal Bh2h3,Bh3h4][%mdl 32]} Reg7 25. Qh2 Qe6 {And now ...Rh5 would win.} 26. Nd6 Bg6 $2 ({Black should try} 26... Nb4 $1 $19 27. Raf1 Nd3) 27. h4 $11 Rh5 {...f5 is the strong threat.} 28. Bf1 $1 f5 {[%cal Bf6f5,Bf5f4,Bf4f3][%mdl 32] White must now prevent ...Qf6.} 29. Be2 f4 30. Bxh5 Bxh5 31. Rxg7 Kxg7 32. Qg2+ (32. Nxb7 Bf3+ 33. Kg1 Qg4+ 34. Kf1 Be2+ 35. Ke1 Bd3 36. f3 Qxf3 37. Qg1+ Kh8 38. Qf2 fxe3 39. Qxe3 Qxe3+ 40. Kd1 Qe2+ 41. Kc1 Qe1#) 32... Kf8 $1 {Strongly threatening ...Bf3.} 33. Nxe4 {Threatens to win with Ng5.} f3 $1 {[%cal Rf3g2]} 34. Qg3 Qxe4 35. Rg1 $36 {[%mdl 2048] Hoping for Qg8+. White has some pressure.} Qe6 $2 ({But not} 35... Bg6 $6 36. h5 $1 {[%mdl 512]} Bxh5 37. Qg8+ Ke7 38. Rg7+ Kf6 39. Rxh7 $14) (35... Ne7 $11) 36. Qg7+ $1 $18 Ke8 {[%cal Re6h3] [#]} 37. Qg8+ (37. Rg5 $1 $18 {[%cal Rg5e5]} Qh3+ 38. Kg1) 37... Qxg8 $16 38. Rxg8+ Kf7 39. Ra8 {[%mdl 1024] White has strong compensation.} Bg4 (39... a6 $16 {was called for.}) 40. Rxa7 $18 Bc8 {[#]} 41. Kh2 $1 Nf6 42. Kg3 Bg4 $2 (42... Ke7 43. Kxf3 Kd8) 43. Rxb7+ Ke6 {[#]} 44. Rxh7 $1 {[%mdl 512]} Kd5 (44... Nxh7 45. Kxg4) 1-0

[Event "32nd Reykjavik Open 2017"]
[Site "Reykjavik"]
[Date "2017.04.21"]
[Round "4"]
[White "Shirov, Alexei"]
[Black "Hambleton, Aman"]
[Result "0-1"]
[WhiteElo "2693"]
[BlackElo "2434"]
[Annotator "TA"]
[PlyCount "76"]
[EventDate "2017.??.??"]
[EventType "swiss"]
[EventCountry "ISL"]
[SourceTitle "playchess.com"]
[Source "ChessBase"]
[SourceQuality "1"]

{[%evp 21,76,29,18,20,12,23,36,0,0,0,0,0,0,0,0,0,0,0,0,0,0,0,34,-33,-22,-58,-51,-204,-204,-204,-200,-249,-209,-206,-207,-210,-199,-206,-200,-143,-143,-312,-212,-212,-206,-229,-230,-649,-649,-639,-621,-1374,-1364,-1310,-1291,-1223,-965]} 1. e4 c5 2. Nf3 e6 3. d4 cxd4 4. Nxd4 Nc6 5. Nc3 Qc7 6. Be3 a6 7. Qf3 {B48: Sicilian: Taimanov: 5 Nc3 Qc7 6 Be3 a6 without Be2} Bd6 (7... Nf6 8. O-O-O Rb8 9. Be2 d6 10. Qg3 Nxd4 11. Bxd4 e5 12. Ba7 Ra8 13. Be3 b5 14. f4 Bb7 15. fxe5 Nxe4 16. Nxe4 Bxe4 {1-0 (42) Nepomniachtchi,I (2767)-Adhiban,B (2666) Doha 2016}) 8. O-O-O Be5 9. g3 Nge7 10. Qe2 b5 11. f4 Bxd4 {LiveBook: 5 Games} 12. Bxd4 Nxd4 13. Rxd4 Rb8 14. e5 Bb7 $146 (14... O-O) 15. Bg2 Bxg2 16. Qxg2 b4 17. Ne4 {Strongly threatening Rhd1.} O-O 18. Rhd1 Nd5 19. Qf3 (19. Kb1 Ne3 20. Qe2 Nxd1 21. Qxd1 Rfd8 $17) 19... a5 20. Nd6 a4 21. a3 $1 Qc5 22. axb4 ({White should try} 22. R1d2 $14) 22... Rxb4 $40 {[%mdl 128] Black is up to no good.} 23. Qa3 {Black must now prevent c3.} Rfb8 {[#]} 24. c3 $2 (24. Nf5 $1 $15 {[%mdl 512]}) 24... Qc6 $1 $19 25. Rxb4 Nxb4 26. Kb1 Qf3 {[%cal Rf3d1]} 27. Qxa4 {[#]} Nd5 $1 {[%cal Rd5c3] Hoping for ...Nxc3+.} 28. Nb5 h5 {...Rxb5! is the strong threat.} 29. c4 {[#]} Nb6 $1 {[%cal Rb6a4]} 30. Qc2 Nxc4 $1 31. Rxd7 $2 (31. Rd3 $17 Qh1+ 32. Ka2 (32. Rd1 $2 Qc6 33. Rd4 Nxe5 34. fxe5 Qxb5 $19) 32... Nxe5 33. fxe5 Rxb5 34. Qc8+ Kh7 35. Qc2) 31... Ne3 32. Qd3 Qh1+ 33. Ka2 Nd5 {aiming for ...Nb4+.} ({Worse is} 33... Qxh2 34. Qxe3 Qc2 35. Rd2 (35. Rc7 Ra8+ 36. Ra7 Rxa7+ 37. Qxa7 Qc4+ 38. Ka3 Qxb5 39. Qa8+ Kh7 40. Qe4+ g6 $11) 35... Qc4+ 36. Qb3 Qxb3+ 37. Kxb3 $16) 34. Kb3 $2 (34. Qe2) 34... Qe1 {Black is clearly winning.} 35. Rxd5 exd5 36. Qxd5 Qa5 37. Kc4 Qa4+ 38. b4 Qa2+ 0-1

[Event "32nd Reykjavik Open 2017"]
[Site "Reykjavik"]
[Date "2017.04.21"]
[Round "4"]
[White "Movsesian, Sergei"]
[Black "Thorhallsson, Throstur"]
[Result "1-0"]
[WhiteElo "2677"]
[BlackElo "2423"]
[Annotator "TA"]
[PlyCount "55"]
[EventDate "2017.??.??"]
[EventType "swiss"]
[EventCountry "ISL"]
[SourceTitle "playchess.com"]
[Source "ChessBase"]
[SourceQuality "1"]

{[%evp 19,55,7,27,26,38,4,39,35,56,46,28,35,57,47,99,83,103,100,179,211,207,205,184,185,168,161,252,271,527,519,509,511,544,550,693,728,682,689]} 1. e4 c5 2. Nf3 d6 3. d4 cxd4 4. Nxd4 Nf6 5. Nc3 Nc6 6. Nb3 e6 7. f4 Be7 8. Be3 O-O 9. Qf3 a6 10. Bd3 Qc7 11. O-O {B82: Sicilian Scheveningen: 6 f4} Re8 (11... b5 12. Qh3 b4 13. Ne2 a5 14. Nbd4 Nxd4 15. Nxd4 e5 16. Nf5 Kh8 17. fxe5 dxe5 18. Bg5 Ng8 19. Qg3 Bxf5 20. Rxf5 Bxg5 21. Qxg5 {½-½ (53) Pikula,D (2457)-Pavlidis,A (2530) Belgrade 2014}) 12. Kh1 Nb4 $146 (12... Bf8 13. Qg3 Nh5 14. Qh3 g6 15. f5 Nb4 16. Nd4 d5 17. fxe6 fxe6 18. exd5 exd5 19. Qf3 Be6 20. Nxe6 Rxe6 21. Nxd5 Nxd5 22. Qxd5 {1-0 (23) Hall,J (2255)-Mercs,P (2084) England 2013}) 13. Rac1 {White is slightly better.} Bd7 14. a3 Nxd3 15. cxd3 {Hoping for Nd5.} Bc6 16. Nd4 Qd7 ({Black should play} 16... Qd8 $14) 17. g4 $1 $16 {[%cal Bg2g4,Bg4g5][%mdl 32] Threatens to win with g5.} Qd8 18. f5 e5 (18... exf5 $16 19. Nxf5 (19. gxf5 Nd7 $16) (19. Nxc6 bxc6 20. gxf5 Rb8 $14) 19... Nd7) 19. Nxc6 $18 bxc6 20. g5 Nd7 {[#]} 21. f6 $1 $36 {[%mdl 2560] Keeping Black busy.} gxf6 22. gxf6 Bxf6 (22... Nxf6 $142 23. Ne2 Kh8) 23. Ne2 c5 $2 (23... Kh8 {keeps fighting.} 24. Rxc6 Re6) 24. Bh6 {White is clearly winning.} Kh8 {[#]} 25. Rg1 $1 Qe7 {[#]} 26. Nc3 $1 {[%cal Be2c3,Bc3d5,Bd5c7][%mdl 32]} Rg8 27. Nd5 Qe6 28. Nc7 $1 {[%csl LRa8,LRe6]} 1-0

[Event "32nd Reykjavik Open 2017"]
[Site "Reykjavik"]
[Date "2017.04.21"]
[Round "4"]
[White "Kamsky, Gata"]
[Black "Sundararajan, Kidambi"]
[Result "1-0"]
[WhiteElo "2668"]
[BlackElo "2422"]
[Annotator "TA"]
[PlyCount "83"]
[EventDate "2017.??.??"]
[EventType "swiss"]
[EventCountry "ISL"]
[SourceTitle "playchess.com"]
[Source "ChessBase"]
[SourceQuality "1"]

{[%evp 30,83,0,-4,0,-12,0,0,40,36,47,41,102,100,109,118,110,114,118,114,147,147,206,193,189,194,183,153,278,280,272,281,266,274,420,408,386,388,445,445,445,437,437,437,521,435,464,456,664,664,661,657,648,640,706,705]} 1. e4 e5 2. Nf3 Nc6 3. Bb5 a6 4. Ba4 Nf6 5. O-O Be7 6. Re1 b5 7. Bb3 d6 8. c3 O-O 9. d4 {[%cal Bd2d4,Bd4d5][%mdl 32]} Bg4 10. d5 Na5 11. Bc2 c6 12. h3 Bc8 13. dxc6 Qc7 14. Nbd2 {[%cal Bb1d2,Bd2f1,Bf1g3][%mdl 32]} Qxc6 15. Nf1 Be6 16. Ng3 Rfe8 {C91: Closed Ruy Lopez: 7...d6 8 c3 0-0 9 d4} (16... Rac8 17. Nh4 g6 18. Bh6 Rfd8 19. Qf3 Ne8 20. Ngf5 Bxf5 21. Nxf5 gxf5 22. Qg3+ Kh8 23. exf5 Bf6 24. Re4 {0-1 (58) Navara,D (2708)-Beliavsky,A (2622) Vilnius 2010}) 17. a4 h6 18. Nh4 d5 {The position is equal.} (18... Bf8 $5 {with more complications.} 19. Nhf5 Rec8 20. Nh5 Nxh5 21. Qxh5 Nb3) 19. axb5 axb5 (19... Qxb5 $2 20. Ba4 Qb6 21. Be3 $18 (21. Bxe8 Rxe8 22. exd5 Nxd5 $18)) 20. exd5 $146 (20. Nhf5 Nc4 21. exd5 Bxd5 22. Rxa8 Qxa8 {½-½ (50) Ivanov,A (2555)-Ibragimov,I (2515) Philadelphia 1992}) 20... Bxd5 (20... Nxd5 $2 21. Nhf5 $16) (20... Qxd5 $14 21. Nhf5 Bf8) 21. Rxe5 $16 Bd6 22. Rxe8+ Rxe8 {[#]} 23. Ngf5 $1 {[%cal Rf5d6]} (23. Rxa5 Bxg3 24. fxg3 Qb6+ 25. Kh2 Qxa5 $17) 23... Bc7 24. Be3 $36 {[%cal Bc1e3,Be3d4,Bd4f6][%mdl 2080] Keeping Black busy.} Nc4 25. Bd4 {Bxf6 is the strong threat.} Be4 (25... Nxb2 $2 26. Qc1 $18) (25... Ne5 $16 {was called for.} 26. Ne3 Be6) 26. Bxe4 $18 Qxe4 27. Bxf6 $1 Nxb2 28. Qb1 gxf6 (28... Qxb1+ $16 29. Rxb1 gxf6) 29. Qxe4 ({Much less strong is} 29. Nxh6+ $6 Kf8 $16) (29. Qc1 Bf4 30. Qf1 (30. Qxb2 $2 Qe1+ 31. Rxe1 Rxe1#) 30... Re5 $14) 29... Rxe4 30. Ra8+ ({Not} 30. Nxh6+ Kf8 $16) 30... Kh7 {[%cal Re4e1] [#]} 31. g3 Be5 (31... Nd3 $142 32. Rf8 Ne5) 32. Rf8 Rxh4 33. Nxh4 ({Weaker is} 33. gxh4 Kg6 $18) 33... Bxc3 34. Rxf7+ {[%mdl 4096] Endgame KRN-KBN. White is clearly winning.} Kg8 35. Rb7 b4 36. Nf5 Nd3 37. Kf1 Kf8 38. Nxh6 Nc1 (38... Nc5 $142 39. Rb5 Ne4) 39. Nf5 b3 40. Ne3 Bd4 41. Nc4 f5 42. f4 1-0

[Event "32nd Reykjavik Open 2017"]
[Site "Reykjavik"]
[Date "2017.04.21"]
[Round "4"]
[White "L'Ami, Erwin"]
[Black "Ris, Robert"]
[Result "1/2-1/2"]
[WhiteElo "2614"]
[BlackElo "2419"]
[Annotator "TA"]
[PlyCount "101"]
[EventDate "2017.??.??"]
[EventType "swiss"]
[EventCountry "ISL"]
[SourceTitle "playchess.com"]
[Source "ChessBase"]
[SourceQuality "1"]

{[%evp 25,101,13,27,0,6,0,12,-40,-7,0,0,0,12,20,12,18,24,12,20,23,8,12,90,83,95,54,63,25,23,22,15,15,29,29,15,19,16,24,83,83,70,98,84,84,84,14,75,80,85,-67,-58,-91,-75,-95,-102,-92,10,0,0,0,0,0,8,8,0,0,8,8,8,8,8,8,8,8,8,8,8,8]} 1. d4 Nf6 2. c4 e6 3. Nc3 d5 4. Nf3 c5 5. cxd5 Nxd5 6. e4 Nxc3 7. bxc3 cxd4 8. cxd4 Bb4+ 9. Bd2 Bxd2+ 10. Qxd2 O-O 11. Rc1 b6 {D41: Queen's Gambit Declined: Semi-Tarrasch with 5 cxd5} 12. Bd3 Bb7 13. O-O Nd7 {LiveBook: 34 Games} 14. h4 h6 15. Qf4 Rc8 16. Rcd1 $146 ({Better is} 16. Rxc8 $11 Qxc8 17. Rc1) (16. Rxc8 Qxc8 17. Rc1 Qb8 18. Qxb8 Rxb8 19. Rc7 {½-½ (35) Gupta,A (2643)-Golod,V (2561) New Delhi 2012}) 16... Qe7 17. Rfe1 Rfd8 18. d5 Nc5 19. Bb1 exd5 20. exd5 Qf6 21. Qxf6 gxf6 22. Bf5 Rb8 23. d6 Bc8 (23... Kf8 $11) 24. Nd4 $16 Bb7 25. Ne2 Bc8 26. Ng3 {And now Bxc8 would win.} Be6 27. f4 {[%cal Bf2f4,Bf4f5][%mdl 32]} Rbc8 28. Bb1 Rc6 29. f5 Bc4 30. Rd4 $36 {[%mdl 2048] White has good play.} b5 31. Nh5 Rcxd6 {[#]} ({Inferior is} 31... Rdxd6 32. Re8+ (32. Rg4+ Kf8 $15) 32... Kh7 33. Rg4 Rd1+ 34. Kh2 Rh1+ 35. Kxh1 Bf1 36. Rg7#) (31... Nd7 $1 $11 {remains equal.}) 32. Nxf6+ $1 {[%mdl 512]} Kf8 (32... Rxf6 33. Rxd8+) 33. Rxd6 $1 Rxd6 34. Re8+ Kg7 35. Nh5+ Kh7 36. g4 $1 f6 {[#]} ({Of course not} 36... Rd1+ 37. Kg2 Bd5+ 38. Kg3 Rxb1 39. Nf6+ Kg7 40. Nxd5 $11) 37. g5 $2 ({White should try} 37. Rc8 $1 $16) 37... hxg5 38. hxg5 fxg5 {aiming for ...Rd1+.} 39. f6+ Nd3 40. Ng3 {[#] and if Ne4 works, White does fine.} Rxf6 (40... Kg6 $1 $17 {White must now prevent ...Rd5.} 41. Ne4 Rd4) 41. Re3 {The position is equal.} Ra6 42. Ne4 Kg7 {Threatens to win with ...Nc1.} 43. Bxd3 Bxd3 44. Rxd3 {With the idea Rd2.} Rxa2 $11 {[%mdl 4096] Endgame KRN-KR} 45. Rd5 b4 46. Rxg5+ Kf7 47. Rb5 a5 48. Nd6+ Ke6 49. Nc4 a4 50. Rxb4 Kd5 51. Rxa4 1/2-1/2

[Event "32nd Reykjavik Open 2017"]
[Site "Reykjavik"]
[Date "2017.04.21"]
[Round "4"]
[White "Landa, Konstantin"]
[Black "Timmermans, Mark"]
[Result "1-0"]
[WhiteElo "2611"]
[BlackElo "2385"]
[Annotator "TA"]
[PlyCount "87"]
[EventDate "2017.??.??"]
[EventType "swiss"]
[EventCountry "ISL"]
[SourceTitle "playchess.com"]
[Source "ChessBase"]
[SourceQuality "1"]

{[%evp 21,87,21,29,20,18,18,20,9,11,-8,11,11,12,3,10,0,25,23,25,29,29,21,23,22,40,35,50,52,62,58,96,47,87,70,65,45,118,64,62,50,62,66,44,30,87,85,80,93,153,153,142,151,211,205,335,351,489,489,487,487,483,475,823,720,2082,1527,1268,1236]} 1. d4 Nf6 2. c4 e6 3. Nc3 d5 4. cxd5 exd5 5. Bg5 c6 6. e3 Be7 7. Bd3 Nbd7 8. Nge2 Nh5 9. Bxe7 Qxe7 10. Qd2 {D35: Queen's Gambit Declined: Exchange Variation} Nb6 11. O-O (11. f3 g6 12. O-O O-O 13. Rae1 Be6 14. e4 dxe4 15. fxe4 Rad8 16. b3 Bg4 17. Qe3 f6 {1-0 (39) Ding,L (2782)-Inarkiev,E (2660) Baku 2015}) 11... O-O {LiveBook: 3 Games} 12. f3 {White has an edge.} f5 13. Rae1 Bd7 14. Nc1 $146 {[%cal Be2c1,Bc1d3,Bd3e5][%mdl 32]} (14. b3 Rae8 15. Nc1 c5 16. Bb1 c4 17. e4 fxe4 18. fxe4 Rxf1+ 19. Rxf1 dxe4 20. Bxe4 {1-0 (36) Vaisser,A (2505)-Behling,R (2118) Marianske Lazne 2016}) 14... Rae8 15. Qf2 Nc8 16. Bb1 Nd6 17. Nd3 Bc8 18. Re2 Qg5 19. f4 Qd8 20. Ne5 Nf6 21. h3 Nfe4 22. Qe1 Re6 23. b4 {[%cal Bb2b4,Bb4b5][%mdl 32]} Nf7 24. Bxe4 dxe4 25. b5 Qa5 26. Rb2 c5 27. Nxf7 (27. dxc5 Nxe5 28. fxe5 Rxe5 $17) 27... Rxf7 28. dxc5 {And now Ne2 would win.} Qa3 (28... Rc7 $14) 29. Rb3 (29. Rc2 $16) 29... Qxc5 $14 30. Ne2 Bd7 31. Nd4 Rd6 32. Qa1 Be6 (32... Rd5 $11) 33. Rc3 $16 Qb6 34. a4 Rxd4 (34... h6 $142) 35. exd4 Qxd4+ 36. Kh2 {[#] Black must now prevent Rc8+.} Qd2 (36... Rd7 $16 37. Rc8+ Kf7) 37. Qc1 $18 Qd4 (37... Qxc1 $142 38. Rfxc1 g6) 38. Rd1 Qb6 ({Wrong is} 38... Qxa4 $2 39. Rd8+ Rf8 40. Rxf8+ Kxf8 41. Qd2 $18) 39. Qa3 {Threatens to win with a5.White is clearly winning.} Bd7 40. Rd6 Qd8 41. Qc5 Qh4 (41... b6 $142 42. Qd5 Kf8) 42. Qe5 {[#] White wants to mate with Rxd7!} h5 43. Rc7 Re7 44. g3 ({And not} 44. Rdxd7 Rxe5 45. Rxg7+ (45. fxe5 Qf4+ 46. Kh1 Qxe5 $11) 45... Kf8 46. Rcf7+ (46. fxe5 Qf4+ 47. Kg1 e3 $11) 46... Ke8 47. fxe5 Qf4+ 48. Kh1 Qf1+ 49. Kh2 Qf4+ 50. Kg1 Qc1+ 51. Kh2 Qf4+ $11) 1-0

[Event "32nd Reykjavik Open 2017"]
[Site "Reykjavik"]
[Date "2017.04.21"]
[Round "4"]
[White "Gupta, Abhijeet"]
[Black "Abrahamyan, Tatev"]
[Result "1-0"]
[WhiteElo "2607"]
[BlackElo "2364"]
[Annotator "TA"]
[PlyCount "71"]
[EventDate "2017.??.??"]
[EventType "swiss"]
[EventCountry "ISL"]
[SourceTitle "playchess.com"]
[Source "ChessBase"]
[SourceQuality "1"]

{[%evp 21,71,-2,0,-18,0,0,0,-1,11,-8,3,4,37,0,0,0,5,-24,-16,-64,-36,-38,0,0,68,51,66,63,68,53,113,98,150,44,112,43,245,133,111,106,345,229,217,207,918,1316,1379,1327,29987,29988,29987,1678]} 1. d4 e6 2. c4 Nf6 3. Nc3 Bb4 4. e3 O-O 5. Nge2 d5 6. a3 Be7 7. cxd5 exd5 8. Nf4 c6 9. Bd3 Na6 {E46: Nimzo-Indian: Rubinstein: 4 e3 0-0 5 Ne2 without early Bd3} 10. O-O Nc7 11. Bd2 (11. Qc2 Bd6 12. f3 Re8 13. Nce2 Qe7 14. Ng3 c5 15. Qf2 b6 16. Bd2 g6 17. dxc5 bxc5 {0-1 (28) Nakamura,H (2787)-Carlsen,M (2853) chess.com INT 2016}) 11... Ne6 {LiveBook: 5 Games. The position is equal.} 12. Nfe2 Re8 13. f3 b6 14. Be1 c5 15. Bf2 $146 (15. Rc1 Bd7 16. Bh4 Bc6 17. Bf5 c4 18. Qc2 Nf8 {1-0 (65) Andersen,J (2330)-Yarmolyuk,Y (2320) ICCF email 2014}) 15... g6 16. Qd2 cxd4 17. exd4 a6 18. g4 Bb7 19. Ng3 Bd6 20. Nce2 b5 21. Be3 Nd7 22. f4 $1 {[%cal Bf3f4,Bf4f5][%mdl 32]} Nb6 (22... Qh4 $11 23. f5 Nd8) 23. f5 $14 Nf8 $1 24. b3 Qh4 25. Bf4 Bxf4 ({Black should play} 25... Be7 $14) 26. Qxf4 $16 {Hoping for fxg6.} Qe7 (26... Re7 $142) 27. Kf2 (27. Rf3 $16) 27... Rac8 ({Black should try} 27... Rad8 $14) 28. Qh6 (28. f6 $16 Qd8 29. Nf5) 28... Bc6 $2 ({Better is} 28... Rc6 $14) 29. Rae1 (29. Kg2 $18 {aiming for f6.} Qe3 30. Qxe3 Rxe3 31. Rf3) 29... Nbd7 (29... Qxa3 30. Nh5 $1 {[%mdl 512]} gxh5 31. f6 Rxe2+ 32. Rxe2 Ne6 33. Qxh7+ Kf8 34. Qh8#) 30. h3 Nf6 $2 ({Much weaker is} 30... Qxa3 $6 31. Kg2 $11) (30... Bb7 $16 {was called for.}) 31. Nf4 Qd6 {[#]} 32. Kg2 $1 $40 {[%mdl 128] White goes for the king.} (32. fxg6 fxg6 33. Rxe8 Nxe8 $14) 32... N8d7 $2 (32... Qxa3 33. g5 N8d7 34. fxg6 $18) (32... Re4 33. g5 (33. Nxe4 dxe4 34. Be2 Qxd4 $16) 33... Ne8) 33. fxg6 $18 fxg6 {[#]} 34. Bxg6 $1 {[%mdl 512]} hxg6 35. Qxg6+ Kh8 36. Nfh5 (36. Qh6+ $142 Kg8 37. Qg5+ Kh7 38. Nf5 Qf8 39. Ng6 Qg7 40. Nxg7 Ne4 41. Qf5) 1-0